Estadísticas para Prueba de Bután

Haz click aquí para tomar la prueba!

Estadísticas generales

  • Esta prueba ha sido tomada 138 veces
  • La puntuación promedio es 15 de 20

Estadísticas de respuestas

PistaRespuesta% Correcto
Países limítrofesChina
97%
Países limítrofesIndia
97%
Religión del estadoBudismo
93%
La cordillera en la que se encuentra ButánHimalaya
92%
Organismo internacional al que Bután no se adhirió hasta 1971Naciones Unidas
89%
Antiguo camino comercial que pasaba por ButánRuta de la {Seda}
86%
Bután y Surinam son los únicos países del mundo que absorben más _____ _ _____ del que emitenDióxido de Carbono
84%
Región "autónoma" del país #1 que limita con ButánTibet
78%
Sólo tres países extranjeros tienen este tipo de edificio diplomático en ButánEmbajada
78%
Gangkhar Puensum es generalmente considerado como la montaña más alta del mundo que nunca ha sido ...Ascendida
78%
CapitalTimbu
77%
Animal en la banderaDragón
76%
Bután cobra a este tipo de personas al menos 200 dólares al día por estar en ButánTurista
75%
En 2010, Bután fue el primer país en prohibir la venta de este producto insalubreTabaco
74%
Posición que ocupa Jigme Khesar desde 2005Rey
72%
Bután tiene la mayor _____ promedio de cualquier paísElevación
63%
Muchos países miden el Producto Nacional Bruto. ¿Qué mide también Bután?{Felicidad}
Nacional Bruta
45%
Idioma oficial{Dzong}kha
37%
El deporte más popular (Pista: Comienza con T)Tiro con arco
34%
Capital anterior hasta 1955Punakha
26%

Distribución de puntuación

Porcentaje por número respondido

Porcentaje de gente con cada puntuación

Historial de tus puntuaciones

No has tomado esta prueba